Jesús: los orígenes históricos del cristianismo desde el año 28 al 48 d. C

Saved in:
Bibliografiske detaljer
Hovedforfatter: Fernández Eyzaguirre, Samuel (Author)
Format: Bog
Sprog:spansk
Udgivet: Santiago Universidad Católica de Chile 2007
Serier:Investigaciones
Fag:
Tags: Tilføj Tag
Ingen Tags, Vær først til at tagge denne postø!

MARC

LEADER 00000nam a2200000 a 4500
001 UCI5212
003 CL-VaPUC
008 080314e20070000CL |||||||||||||||||spa|d
020 |a 9789561409620 
082 0 4 |a 270.1  |b FER  |2 21 
100 0 |a Fernández Eyzaguirre, Samuel  |e author  |9 527382 
245 1 0 |a Jesús: los orígenes históricos del cristianismo desde el año 28 al 48 d. C 
300 |a 271 p 
942 |c BK 
945 |d 20080314 00:00:00  |a jtorresc 
260 |a Santiago  |b Universidad Católica de Chile  |c 2007 
600 0 |a Jesucristo  |9 481811 
650 0 |a Historia de la iglesia   |9 257565 
650 0 |a Catolicismo  |9 258690 
650 0 |a Teología   |9 258766 
583 |a last modification  |c 20080314 00:00:00  |k Rodrigo Vera 
490 0 |a Investigaciones 
999 |c 328975  |d 328973 
952 |0 0  |1 0  |4 0  |6 270_100000000000000_FER_2007  |7 0  |8 A  |9 413198  |a BIBTEO  |b BIBTEO  |d 2019-11-22  |i 4414292  |o 270.1 FER 2007  |p 4414292  |r 2025-01-17  |w 2019-11-22  |y BK  |k ICR 
952 |0 0  |1 2  |4 0  |6 270_100000000000000_FER_2007  |7 0  |8 A  |9 413199  |a BIBTEO  |b BIBTEO  |d 2019-11-22  |i 444826K  |o 270.1 FER 2007  |p 444826K  |r 2019-11-22  |w 2019-11-22  |y BK  |k ICR 
952 |0 0  |1 0  |4 0  |6 270_100000000000000_FER_2007  |7 0  |8 A  |9 413200  |a BIBTEO  |b BIBTEO  |d 2019-11-22  |i 4448278  |l 6  |m 1  |o 270.1 FER 2007  |p 4448278  |r 2025-01-17  |s 2024-11-05  |w 2019-11-22  |y BK  |k ICR 
952 |0 0  |1 0  |4 0  |6 270_100000000000000_FER_2007  |7 0  |8 A  |9 413201  |a BIBTEO  |b BIBTEO  |d 2019-11-22  |i 4448286  |l 1  |m 1  |o 270.1 FER 2007  |p 4448286  |r 2025-01-17  |s 2022-11-07  |w 2019-11-22  |y BK  |k ICR